000 01470cam a22003611a 4500
001 sa 68020753
003 DLC
005 20260227112727.0
008 820217s1966 ii c 000 0 tib
010 _asa 68020753
020 _cRs5.00
025 _aPL480:I-Tib-135
035 _a(OCoLC)8160427
040 _aDLC
_cInU
_dDLC
042 _apremarc
043 _aa-cc-ti
050 0 0 _aPL3611.T53
_bD2736
100 0 _aPadma-mchog-dpal-bzaṅ-po,
_cDkaʼ-chen.
245 1 0 _aModern Tibetan grammar /
_cby Kachen-Padma ; edited, L. Jamspal.
260 _aVaranasi :
_bChampa-Legtshog,
_c1966.
300 _a7, i, 59 p. :
_bport. ;
_c19 cm.
500 _aIn Tibetan.
500 _aCover title: Legs bśad ljon dbaṅ gi ʼgrel chuṅ Brda sprod tshig gi gliṅ bu.
500 _aIncludes the author's Sum cu paʼi zur rgyan Legs bśad padma dkar poʼi phreṅ ba.
600 0 0 _aDbyaṅs-can-grub-paʼi-rdo-rje,
_cDṅul-chu,
_d1809-1887.
_tSum cu paʼi sñiṅ po Legs bśad ljon paʼi dbaṅ po.
600 0 0 _aThon-mi Sambhoṭa,
_dactive 632.
_tSum cu pa.
650 0 _aTibetan language
_xGrammar.
650 0 _aTibetan language
_xTexts.
700 1 _aJamspal, L.,
_d1936-
700 0 2 _aPadma-mchog-dpal-bzaṅ-po,
_cDkaʼ-chen.
_tSum cu paʼi zur rgyan Legs bśad padma dkar poʼi phreṅ ba.
740 0 _aSum cu paʼi zur rgyan Legs bśad padma dkar poʼi phreṅ ba.
740 0 _aLegs bśad ljon dbaṅ gi ʼgrel chuṅ Brda sprod tshig gi gliṅ bu.
999 _c89579
_d89579